00278nam a2200121Ia 4500008004100000100001800041245003600059260002000095300000700115650001000122942000700132999001700139190216s9999||||xx |||||||||||||| ||und|| aRamashrey Rai 0aHindi-Pravith Samaj Aur Samskar bAnmol Prakashan a93 aHindi cBK c16242d16242